| 000 | 00761nam a2200241 i 4500 | ||
|---|---|---|---|
| 001 | 104430 | ||
| 003 | ES-MaACL | ||
| 005 | 20250824211723.0 | ||
| 007 | t| | ||
| 008 | 051130s1961 sp af |||| |bspa d | ||
| 080 | _a929 Disney, Walt | ||
| 100 | 1 |
_aMiller, Diana Disney. _981204 |
|
| 245 | 1 | 0 |
_aWalt Disney / _cDiana Disney Miller ; [traducción de Mariano del Pozo]. |
| 260 |
_aMadrid : _bRialp, _c1961. |
||
| 300 |
_a270 p., 27 lám. ; _c19 cm. |
||
| 490 | 1 |
_aLibros de cine ; _v26 |
|
| 600 | 1 | 4 |
_aDisney, Walt ( _d1901-1966) _9157614 |
| 650 | 7 |
_aAnimación (Cinematografía) _2embne _911875 |
|
| 700 | 1 |
_aPozo, Mariano del. _993541 |
|
| 830 | 1 | 0 |
_aLibros de cine Rialp _v26 _9181163 |
| 852 | 4 |
_aES-MaACL _jC-20947 |
|
| 999 |
_c104430 _d104430 |
||